00414nam a2200169 a 450000100060000000300090000600800410001502000150005604000280007108200090009910000150010824500360012326000310015930000130019049000180020365000230022113396CO-ViMGA141112s2004 ck r 000 u spa d a9580456321 aCO-ViMGAbspacCO-ViMGA04aWILn1 aRoss, Tony10aEl niño que perdio el ombligo aBogotá : bNorma, c2000 a26 : ils aBuenas noches14aCUENTOS INFANTILES